Normal view
MARC view
- Gronlund, Norman Edward,
Entry Personal Name
001 - CONTROL NUMBER
- control field: 424
003 - CONTROL NUMBER IDENTIFIER
- control field: URS
005 - DATE AND TIME OF LATEST TRANSACTION
- control field: 20210728135150.0
008 - FIXED-LENGTH DATA ELEMENTS
- fixed length control field: 210728|| aca||aabn | a|a d
040 ## - CATALOGING SOURCE
- Original cataloging agency: URS
100 ## - HEADING--PERSONAL NAME
- Personal name: Gronlund, Norman Edward,
- Relator term: author.